| 000 | 00936nam a22002297a 4500 | ||
|---|---|---|---|
| 005 | 20250513160724.0 | ||
| 008 | 250513b |||||||| |||| 00| 0 eng d | ||
| 020 | _a978-81-19901-86-9 (pbk) | ||
| 037 | _cTB | ||
| 040 |
_aCRL _cCRL |
||
| 041 |
_2Pun _aPun |
||
| 084 |
_aO153,3NGR5x R4 _qCRL |
||
| 100 |
_aਗਰੇਵਾਲ, ਬਲਵਿੰਦਰ ਸਿੰਘ _9784255 |
||
| 245 | _aਟਾਕੀਆਂ ਵਾਲਾਂ ਪਜਾਮਾ | ||
| 260 |
_aਲੁਧਿਆਣਾ, ਭਾਰਤ: _b ਚੇਤਨਾ ਪਰਕਾਸ਼ਨ, _c2024. |
||
| 300 | _a293 ਪ. | ||
| 365 |
_b450.00 _cINR |
||
| 650 |
_aਪੰਜਾਬੀ ਸਾਹਿਤ _9784256 |
||
| 650 |
_aਪੰਜਾਬੀ ਕਹਾਣੀ _9784257 |
||
| 942 |
_2CC _cTB _hO153,3NGR5x R4 _n0 |
||
| 999 |
_c1400817 _d1400817 |
||